| 000 | 00383nam a2200145Ia 4500 | ||
|---|---|---|---|
| 008 | 230312s9999||||xx |||||||||||||| ||und|| | ||
| 020 | _a9783319977188 | ||
| 082 |
_a004.678 _bZBA-C |
||
| 100 | _aChapple,Mike | ||
| 245 | 0 | _aCertified information system security professional | |
| 260 |
_bSpringer _aSwitzerland _c2019 |
||
| 300 | _a393 | ||
| 650 |
_aComputer _vBig data |
||
| 942 | _cBK | ||
| 999 |
_c16844 _d16844 |
||